| 000 | 00941cam a2200145ua 4500 | ||
|---|---|---|---|
| 041 |
_aeng _h |
||
| 082 |
_a624.1568 _bIND/ME |
||
| 110 | 1 |
_aIndian standards institution . _bISI _c() |
|
| 245 |
_aMethod of measurement of building and civil engineering works,IS:1200-1983 / _cIndian standards institution. _hTextual Documents |
||
| 260 |
_aNew Delhi : _bIndian Standards Institution , _c1983. |
||
| 300 | _a6 ; . | ||
| 504 | _a | ||
| 942 | _cBK | ||
| 999 |
_c4425 _d4425 |
||